000 00437nam a2200145Ia 4500
008 100122s9999 xx 000 0 und d
082 _b21776
_a822
100 _aसाठे शं गो
245 _aससा आणि कासव
260 _bपॉप्युलर प्रकाशन
_c1964
300 _a107
630 _aससा आणि कासव
730 _aससा आणि कासव
942 _cBOOK
999 _c409731
_d409728